Logo BPK

Biblioteka

Politechniki Koszalińskiej

Kodeks pracy i inne teksty prawne / (Rekord nr 38906)

Szczegóły MARC
000 -ETYKIETA REKORDU
podpole kontrolne o stałej długości 00920nam a2200253 i 4500
001 - NUMER KONTROLNY REKORDU
pole kontrolne bg
020 ## - MIĘDZYNARODOWY ZNORMALIZOWANY NUMER KSIĄŻKI - ISBN
ISBN 8372470006
040 ## - ŹRÓDŁO KATALOGOWANIA
Instytucja, która utworzyła rekord BPK
041 0# - KOD JĘZYKA
Kod języka tekstu pl
080 ## - UNIWERSALNA KLASYFIKACJA DZIESIĘTNA - UKD
UKD 349.2(438)(094.4)
920 ## - Międzynarodowy znormalizowany numer książki – ISBN
ISBN 83-7247-000-6
008 - POLE O STAŁEJ DŁUGOŚCI - DANE KONTROLNE
podpole kontrolne o stałej długości s pl f |000 0 pol
245 00 - TYTUŁ/ODPOWIEDZIALNOŚĆ
Tytuł Kodeks pracy i inne teksty prawne /
Pozostałe elementy strefy tytułu i oznaczenia odpowiedzialności teksty jednolite wraz z indeksem rzeczowym i wprowadzeniem Ludwika Florka.
250 ## - STREFA WYDANIA
Oznaczenie wydania 10 wyd. rozsz., stan prawny listopad 2000 r.
260 ## - STREFA ADRESU WYDAWNICZEGO
Miejsce wydania Warszawa :
Nazwa wydawcy/dystrybutora C. H. Beck,
Data publikacji, dystrybucji/powstania dokumentu 2001.
300 ## - STREFA OPISU FIZYCZNEGO
Objętość XXVIII, 310 s. ;
Rozmiary 20 cm.
490 1# - STREFA SERII I DOKUMENTU WIELOCZĘŚCIOWEGO - FORMA NIE DO WYSZUKIWANIA
Tytuł i oznaczenie odpowiedzialności serii Teksty Ustaw Becka
500 ## - UWAGI OGÓLNE
Tekst uwagi Tyt. okł.: Kodeks pracy : zwolnienia grupowe, związki zawodowe, akta osobowe, urlopy wypoczynkowe, spory zbiorowe, urlopy i zasiłki wychowawcze i inne teksty prawne.
504 ## - UWAGA DOTYCZĄCA BIBLIOGRAFII
Informacje o bibliografii Indeks.
650 #9 - HASŁO PRZEDMIOTOWE W FORMIE NAZWY OGÓLNEJ LUB JEDNOSTKOWEJ
Nazwa ogólna lub geograficzna Prawo pracy
Określnik geograficzny Polska
Określnik chronologiczny stan na 2000 r.
700 1# - HASŁO DODATKOWE - NAZWA OSOBOWA
Nazwa osobowa FLOREK, Ludwik.
Określenie związku między hasłem a opisywanym materiałem wprow
830 ## - HASŁO DODATKOWE SERII LUB DOKUMENTU WIELOCZĘŚCIOWEGO - TYTUŁ UJEDNOLICONY
Tytuł ujednolicony Teksty Ustaw Becka
856 ## - LOKALIZACJA I DOSTĘP DO ELEKTRONICZNYCH DOKUMENTÓW ZDALNYCH
Link (URL) http://koha.tu.koszalin.pl/cgi-bin/koha/opac-detail.pl?biblionumber=38906
Tekst linku Katalog online BPK
942 ## - DODATKOWE ELEMENTY (KOHA)
Typ dokumentu Książka
Egzemplarze
Wycofany Status egzemplarza Uszkodzony Dostępność Lokalizacja stała Lokalizacja bieżąca Miejsce przechowywania Sygnatura Kod kreskowy Ostatnio wypożyczono Typ dokumentu
      Dostępny Biblioteka Politechniki Koszalińskiej Biblioteka Politechniki Koszalińskiej Wypożyczalnia BG 57342 01535211 18.08.2022 Książka
© 2023 Biblioteka Politechniki Koszalińskiej :: KOHA